LEADER 01013nam0-2200301---450- 001 990008665900403321 005 20140422162744.0 010 $a88-14-13597-5 035 $a000866590 035 $aFED01000866590 035 $a(Aleph)000866590FED01 035 $a000866590 100 $a20080529d2007----km-y0itay50------ba 101 0 $aita 102 $aIT 105 $a--------001yy 200 1 $a<>Terza Via al giudizio di legittimità costituzionale$econtributo allo studio del controllo di costituzionalità degli statuti regionali$fAndrea Cardone 210 $aMilano$cGiuffré$d2007 215 $aXX, 530 p.$d24 cm 225 1 $aUniversità degli Studi di Sassari. Pubblicazioni del Dipartimento di Scienze Giuridiche$v13 700 1$aCardone,$bAndrea$0503425 801 0$aIT$bUNINA$gRICA$2UNIMARC 901 $aBK 912 $a990008665900403321 952 $aXIII A 130$b7159$fDDCIC 959 $aDDCIC 996 $aTerza Via al giudizio di legittimità costituzionale$9717679 997 $aUNINA